• 首页
  • 本馆介绍
  • 公告通知
  • 最新文献
  • 馆藏检索
  • 电子资源
  • 读者导购
  • 参考咨询
  • 我的图书馆
  • 登录
  • 详细信息显示
  • 放入我的书架
  • 预约/预借图书
  • 作者相关作品
  • 分类相关作品
  • 丛书相关作品
  • 出版社相关作品

书目信息

  • 表格格式
  • 工作单格式
  • 卡片格式
题名:
欧洲文艺复兴史
    
 
作者: 刘明翰 主编 ;朱龙华 , 李长林 著
分册:   总论卷
出版信息: 北京   人民出版社  2010.11
页数: 481页
开本: 24cm
丛书名:
单 册:
中图分类: K503
科图分类:
主题词: 文艺复兴--文化史--欧洲 , 文艺复兴 , 文化史
电子资源:
ISBN: 978-7-01-009277-5
000 01163nam0 2200301 450
001 012010130834
005 20120626145900.65
010    @a978-7-01-009277-5@dCNY59.80
100    @a20101225d2010 em y0chiy0110 ea
101 0  @achi
102    @aCN@b110000
105    @aak z 000yy
106    @ar
200 1  @a欧洲文艺复兴史@9ou zhou wen yi fu xing shi@dA history of the renaissance@i总论卷@f刘明翰主编@g刘明翰,朱龙华,李长林著@zeng
210    @a北京@c人民出版社@d2010.11
215    @a481页@c图@d24cm
300    @a国家社科基金资助项目 受国家社科基金资助出版
330    @a本卷对文艺复兴的重点问题加以梳理和阐述;按国别系统叙述欧洲各国在文艺复兴时期的成就及其特点;对文艺复兴晚期自然科学兴起的背景、它与人文科学的互动关系以及两方面的成果加以归纳和概括;专门研究了欧洲文艺复兴在中国的传播历程。
510 1  @aHistory of the renaissance@zeng
606 0  @a文艺复兴@x文化史@y欧洲
606 0  @a文艺复兴
606 0  @a文化史
690    @aK503@v4
701  0 @a刘明翰@9liu ming han@4主编
702  0 @a朱龙华@9zhu long hua@f(1931-)@4著
702  0 @a李长林@9li chang lin@f(1931-)@4著
801  0 @aCN@bRENTIAN@c20101225
905    @b540874-78@dK503@e21@f5
    
    欧洲文艺复兴史=A history of the renaissance.总论卷/刘明翰主编/刘明翰,朱龙华,李长林著.-北京:人民出版社,2010.11
    481页:图;24cm
    国家社科基金资助项目 受国家社科基金资助出版
    
    ISBN 978-7-01-009277-5:CNY59.80
    本卷对文艺复兴的重点问题加以梳理和阐述;按国别系统叙述欧洲各国在文艺复兴时期的成就及其特点;对文艺复兴晚期自然科学兴起的背景、它与人文科学的互动关系以及两方面的成果加以归纳和概括;专门研究了欧洲文艺复兴在中国的传播历程。
●
相关链接 在E读中查询图书 在五车中查询图书 在当当中查询图书 在豆瓣中查询图书


正题名:欧洲文艺复兴史     索取号:K503/21         预约/预借

序号 登录号 条形码 馆藏地/架位号 状态 备注
1 540874   205408744   第二样本阅览室/ [索取号:K503/21] 在馆    
2 540875   205408753   密集书库-史法系/ [索取号:K503/21] 在馆    
3 540876   205408762   第二借阅区/ [索取号:K503/21] 在馆    
4 540877   205408771   第二借阅区/ [索取号:K503/21] 在馆    
5 540878   205408780   第二借阅区/ [索取号:K503/21] 在馆    
唐山师范学院图书馆 欢迎您!
大连网信软件有限公司© 版权所有